Statistieken voor Vlaggen van Oceanië

Klik hier om de quiz te nemen!

Algemene statistieken

  • Deze quiz is 4.161 keer genomen
  • De gemiddelde score is 10 van 14

Antwoordstatistieken

Antwoord% Correct
Australië
99%
Nieuw-Zeeland
98%
Fiji
83%
Palau
75%
Papoea-Nieuw-Guinea
75%
Micronesia
74%
Tonga
72%
Tuvalu
69%
Kiribati
66%
Marshalleilanden
66%
Nauru
64%
Samoa
62%
Salomonseilanden
60%
Vanuatu
59%

Scoreverdeling

Percentiel versus Aantal Correcte Antwoorden

Procent van Mensen met Elke Score

Uw Scoregeschiedenis

U heeft deze quiz nog niet genomen